000 00706cab a2200265 4500
001 X577
008 090401t1993 xxu||||| |||| 00| 0 eng d
035 _a(Sirsi) u97827
041 _aeng
245 _aWaste management - out in front
260 _c1993
350 _a0
490 _aCS Monthly : Minerals bulletin
_v2(7) April 1993, 1-2(2)
650 _aDRAFT CHARGING SCHEME
650 _aENVIRONMENTAL PROTECTION ACT 1990 PT 11
650 _aLICENSING
650 _aREFUSE
650 _aRIVER PURIFICATION AUTHORITY
650 _aRUBBISH
650 _aWASTE REGULATION AUTHORITY
650 _aWRA
690 _aENVIRONMENTAL AND LAND CONSULTANCY
942 _n0
948 _c04/03/1997
999 _c59708
_d59708